00508 2200193 4500001002100000005001500021008004100036020001800077035001900095041000700114082001200121090001800133100001500151245004700166260003700213300003300250500001000283650002100293INLIS00000000000396320241224112824241224||||||||| | ||| |||| || |  a979-3084-51-0 0010-1224003963 aid0 a935.934 a935.934 WON h0 aB. Sarwono00aMenghasilkan Anggrek Potong Kualitas Prima aJakartabAgroMedia Pustakac2002 avi, 81 hlm. : ilus, ; 22 cm. aCet.1 0aTanaman dan Buah